Si pagong at si matsing. (Record no. 114226)
[ view plain ]
| 000 -LEADER | |
|---|---|
| fixed length control field | 00325nam a2200121 a 4500 |
| 005 - DATE AND TIME OF LATEST TRANSACTION | |
| control field | 20140414132053.0 |
| 008 - FIXED-LENGTH DATA ELEMENTS--GENERAL INFORMATION | |
| fixed length control field | 110714s19uu xx 00 eng d |
| 050 ## - LIBRARY OF CONGRESS CALL NUMBER | |
| Classification number | FIL |
| Item number | C74 2006 |
| 100 ## - MAIN ENTRY--PERSONAL NAME | |
| Personal name | Consumido, Danilo |
| 245 ## - TITLE STATEMENT | |
| Title | Si pagong at si matsing. |
| 260 ## - PUBLICATION, DISTRIBUTION, ETC. (IMPRINT) | |
| Place of publication, distribution, etc | Manila Philippines : |
| Name of publisher, distributor, etc | Adarna House, |
| Date of publication, distribution, etc | 2006. |
| Withdrawn status | Lost status | Damaged status | Home library | Current library | Shelving location | Date acquired | Source of acquisition | Total Checkouts | Full call number | Barcode | Date last seen | Price effective from | Koha item type |
|---|---|---|---|---|---|---|---|---|---|---|---|---|---|
| Munich Library | Munich Library | Filipiniana Section | 07/14/2011 | FIL C74 2006 | M5983 | 04/14/2014 | 04/14/2014 | Books |